Football par lettre - S - Statistiques

Statistiques générales
  • Ce quiz a été pris 182 fois
  • Le résultat moyen est 13 sur 20
Statistiques - réponses
Questions Réponses % Correct
Quel attaquant uruguayen a formé la MSN aux côtés de Messi et Neymar ? Luis Suarez
100%
Quel attaquant égyptien fait le bonheur de Liverpool depuis 2017 ? Mohamed Salah
100%
Quel footballer sud-coréen a formé un duo dévastateur avec Harry Kane du côté de Tottenham ? Hueng Min Son
99%
Quel défenseur brésilien, légende du PSG, a remporté la Ligue des Champions avec Chelsea en 2021 ? Thiago Silva
85%
Quel club espagnol est connu par sa domination en Europe League ? FC Séville
84%
Quel club anglais, ancien club de Virgil Van Dijk, a ses joueurs surnommés les "Saints" ? Southampton
79%
Quel défenseur français formé à Saint-Etienne, évolue désormais à Arsenal où il forme un duo solide aux côtés de Gabriel Maghalaes ? William Saliba
78%
Quel attaquant anglais, évoluant désormais à Arsenal, est passé par Manchester City, Liverpool et Chelsea ? Raheem Sterling
73%
Quel attaquant ukrainien a remporté le Ballon d'Or en 2004 ? Andrey Shevchenko
72%
Quel attaquant chilien a permis à son pays de remporter deux fois la Copa América ? Alexis Sanchez
71%
Quel club à la tunique bleue et jaune était un des meilleurs clubs français au début des années 2000 ? FC Sochaux-Montbéliard
70%
Quel joueur suisse ayant davantage brillé en sélection qu'en club, a évolué à Liverpool ou encore Lyon ? Xherdan Shaqiri
69%
Quel milieu d'origine gitane est resté fidèle à Montpellier malgré la descente en Ligue 2 en 2025 ? Teji Savanier
68%
Quel milieu de terrain brésilien était surnommé le Docteur de part son doctorat en médecine ? Socrates
63%
Quel club allemand a réussi à se hisser à la seconde place de Bundesliga lors de la saison 2023/2024 ? VFB Stuttgart
58%
Quel latéral droit français du Bayern Munich était titulaire lors de la finale de la Coupe du monde 2006 ? Willy Sagnol
52%
Quel milieu de terrain néerlandais était le leader technique du grand Milan des années 2000 ? Clarence Seedorf
51%
Quel milieu de terrain de Manchester United a évolué toute sa carrière à Manchester United dans les années 1990-2000 ? Paul Scholes
49%
Quel club est le plus ancien de l'histoire du football ? Sheffield Wednesday
23%
Quel footballer argentin est le meilleur buteur de la première Coupe du Monde de l'histoire ? Guillermo Stabile
2%
Aucun quiz correspondant
Distribution des résultats
% des personnes avec chaque résultat
Percentile par nombre de réponses
Votre historique - résultats
Vous n’avez pas pris ce quiz